| 000 | 00736nam a22002173a 4500 | ||
|---|---|---|---|
| 005 | 20240806064103.0 | ||
| 008 | 010531s2000 mx fr 000 0 spa d | ||
| 020 | _a9706513744 (Océano tapa dura) | ||
| 020 | _a9701840429 (CNCA tapa dura) | ||
| 035 | _aUPN01000116454 | ||
| 049 | _aCG | ||
| 050 | 4 |
_aPA25 B5.2 _bE3.3 |
|
| 100 | 1 |
_aEckermann, Johann Peter, _d1792-1854 _931469 |
|
| 245 | 1 | 0 |
_aConversaciones con Goethe / _cJ. P. Eckermann ; estudio prel. de Francisco Ayala. |
| 260 |
_aMéxico : _bCNCA, Dirección General de Publicaciones : _bOcéano, _cc2000 |
||
| 300 | _axxvi, 579 p. | ||
| 440 | 0 | _aBiblioteca universal | |
| 650 | 4 |
_aLiteratura alemana _910466 |
|
| 700 | 1 |
_aGoethe, Johann Wolfgang, _d1749-1832 |
|
| 905 | _aLibro | ||
| 999 |
_c89191 _d89191 |
||